000 00958nam a2200205 a 4500
001 000039209
005 20201002031538.0
008 130611s2003 dr 000 0 spa d
020 _a8400082036
111 2 _aSeminario Hispano-Italiano de Historia de las Religiones (1º.2001. Roma)
_d(2001: 16-17 febrero
_cRoma )
_965399
245 1 0 _aTranscurrir y recorrer :
_bLa categoría espacio-temporal en las religiones del mundo clásico /
_cDiana Segarra Crespo.
260 _aMadrid :
_bConsejo Superior de Investigaciones Científicas,
_bEscuela Española de Historia y Arqueología en Roma,
_c2003.
300 _a213 p. ;
_c23 cm.
500 _aIncluye referencias bibliográficas y notas al pie de las págianas
500 _aIncluye índice
700 1 _aSegarra Crespo, Diana
_eed.
_965400
710 2 _aConsejo Superior de Investigaciones Científicas,
_94786
710 2 _aEscuela Española de Historia y Arqueología en Roma
_965401
999 _c38699
_d38699
040 _aDO-SdBNP